000 00819nam a2200253 a 4500
001 60252
003 BD-RjUL
005 20211209080823.0
008 161229s2011 bg a|||||||||o0|| 0 eng d
020 _a9845089763
_c: Complimentary
035 _a(BD-RjUL)60376
040 _aBD-RjUL
_beng
_cBD-RjUL
041 _aeng
082 _223
_a630.95492021
_bKUS 2011 (ZS)
110 _aBangladesh Bureau Of Statistics
_9179266
245 1 0 _aCensus of agriculture, 2008 :
_bZila series, Kushtia /
_cBangladesh Bureau of Statistics
260 _aDhaka:
_bBBS,
_c2011.
300 _axvi, 300 p. :
_bill. ;
_c28 cm.
490 _aZila Series, Kushtia
500 _aChiefly statistical tables.
650 _aAgriculture
_zBangladesh
_zKushtia
_vStatistics.
_9179335
830 _aZila Series, Kushtia
_9179336
942 _2ddc
_cRAR
999 _c60252
_d60252